000 00486nam a2200181Ia 4500
008 240925s9999 xx 000 0 und d
020 _a29465494
082 _a621.37 ZAN
100 _aZanger, Henry
245 0 _aFiber Optics: communication and other applications
250 _aNA
260 _aNew York:
_bMacmillian Publishing Co
_c,1991.
300 _a57p.
_bNA
_fOriginal
500 _aIncludes Index
600 _aElectrical Engineering
650 _aTechnology
942 _cBK
999 _c6803
_d6803